| 000 | 01069nam a22002777a 4500 | ||
|---|---|---|---|
| 999 |
_c112681 _d112681 |
||
| 003 | dpl | ||
| 005 | 20190606130202.0 | ||
| 008 | 190606b ||||| |||| 00| 0 eng d | ||
| 010 | _aA-665427 | ||
| 020 | _c50.00 | ||
| 035 | _aA-665427, A-665428 | ||
| 037 | _bCen Lib/Ret | ||
| 040 |
_aDPL _bHN _c0 |
||
| 082 |
_a822 _bसत्यश |
||
| 100 |
_aसत्य शकुन _948717 |
||
| 245 |
_aचन्दन संतन घिसै / _cसत्य शुकंन |
||
| 246 |
_aChandan santan ghise / _bby Satya Shakun |
||
| 260 |
_aदिल्ली _bराष्ट्रभाषा संस्थान _c1993 |
||
| 270 |
_aC-8/174 यमुना विहार _bदिल्ली _e110053 |
||
| 300 |
_a104पृ. _c21सेमी (सजिल्द) |
||
| 650 |
_aहिंदी साहित्य _948719 |
||
| 650 |
_aहिंदी साहित्य--नाटक _948721 |
||
| 650 |
_aHindi literature--Drama _948723 |
||
| 650 |
_aHindi literature-- _948724 |
||
| 942 |
_2ddc _cHN _h822 _mसत्यश |
||